[Event "POLFINALY MISTRZOSTW POLSKI JUNIOROW 2021 C-17"]
[Site "Jatrzebia Gora"]
[Date "1899-12-30"]
[Round "4.1"]
[White "Strepikowski, Pawel"]
[Black "Kalkowski, Igor"]
[Result "1-0"]
[WhiteTitle "I"]
[BlackTitle "I+"]
[WhiteElo "1841"]
[BlackElo "1839"]

1. e4 c5 2. Nf3 Nc6 3. d3 Nf6 4. g3 d5 5. exd5 Nxd5 6. Bg2 e5 7. O-O Be7 8. Re1
f6 9. c3 Nc7 10. Be3 O-O 11. Na3 Kh8 12. Qc2 f5 13. Nc4 f4 14. Bd2 Bf5 15. Ncxe5
fxg3 16. fxg3 c4 17. Nxc4 Bxd3 18. Qb3 Bc5+ 19. Be3 Bxc4 20. Qxc4 Bxe3+ 21. Rxe3
Nd5 22. Re2 Qb6+ 23. Nd4 Nf6 24. Bxc6 bxc6 25. Qxc6 Qb8 26. Rae1 Rc8 27. Qg2 Qb6
28. Kh1 Rab8 29. Qf3 a5 30. Ne6 Re8 31. b3 Rbc8 32. c4 Qb4 33. h3 a4 34. c5 axb3
35. axb3 Ra8 36. c6 Ra2 37. c7 Qa5 38. Rd1 Rxe2 39. Qxe2 Qxc7 40. Nxc7 Rxe2 41.
Rd8+ Ng8 42. Re8 Rd2 43. b4 h5 44. b5 Rb2 45. Nd5 Kh7 46. b6 Nf6 47. Nxf6+ gxf6
48. Rb8 Kg6 49. b7 Kf5 50. h4 Rb3 51. Kg2 Rb2+ 52. Kf3 Rb3+ 53. Kf2 Rb2+ 54. Ke3
Rb3+ 55. Kd4 Rb4+ 56. Kd5 Rb1 57. Kd6 Rd1+ 58. Ke7 Re1+ 59. Kf7 Rb1 60. Kg7 Kg4
61. Kxf6 Rb6+ 62. Ke5 Kh3 63. Kf5 Rb5+ 64. Kf4 Rb4+ 65. Kg5 Rb5+ 66. Kh6 Kg2 67.
Rg8 Rxb7 68. Kxh5 Kh3 69. Kh6 Rb6+ 70. Kh7 Rb5 71. Rg5 Rb7+ 72. Kg6 Rb6+ 73. Kf5
Rb5+ 74. Ke4 Rb4+ 75. Kd5 Kg2 76. Kc5 Ra4 77. Kb5 Ra1 78. h5 Kf3 79. h6 Rc1 80.
h7 Rh1 81. Rg7 Ke4 82. g4 Kd5 83. g5 1-0

[Event "POLFINALY MISTRZOSTW POLSKI JUNIOROW 2021 C-17"]
[Site "Jatrzebia Gora"]
[Date "1899-12-30"]
[Round "4.2"]
[White "Celebias, Filip"]
[Black "Kietrys, Maciej"]
[Result "1/2-1/2"]
[WhiteTitle "II+"]
[BlackTitle "I"]
[WhiteElo "1534"]
[BlackElo "1860"]

1. e4 e5 2. Nf3 Nc6 3. Bb5 Nf6 4. d3 d6 5. c3 Be7 6. Nbd2 O-O 7. O-O Bg4 8. h3
Bxf3 9. Nxf3 a6 10. Ba4 b5 11. Bc2 d5 12. d4 exd4 13. e5 Ne4 14. cxd4 f5 15. exf6
Bxf6 16. Re1 Re8 17. Bf4 Qd7 18. Rc1 Nd6 19. Ne5 Bxe5 20. dxe5 Nc4 21. Qh5 h6
22. e6 Rxe6 23. Bf5 Rae8 24. Rxe6 Rxe6 25. Qg4 Nd4 26. Bxe6+ Qxe6 27. Qxe6+ Nxe6
28. Bg3 Nxb2 29. Bxc7 Nc4 30. Bb8 Kf7 31. f3 Ke7 32. Kf2 Kd7 33. Re1 Nc5 34. Rd1
Kc6 35. Ba7 a5 36. h4 b4 37. Ke2 a4 38. g4 b3 39. axb3 axb3 40. Rb1 Na3 41. Rb2
Nc4 42. Rb1 Na3 1/2-1/2

[Event "POLFINALY MISTRZOSTW POLSKI JUNIOROW 2021 C-17"]
[Site "Jatrzebia Gora"]
[Date "1899-12-30"]
[Round "4.4"]
[White "Krasniewski, Szymon"]
[Black "Jozefik, Aleksander"]
[Result "1-0"]
[WhiteTitle "I"]
[BlackTitle "I"]
[WhiteElo "1821"]
[BlackElo "1601"]

1. d4 Nf6 2. c4 e6 3. Nf3 b6 4. g3 Bb7 5. Bg2 d5 6. O-O Bd6 7. cxd5 exd5 8. Nc3
a6 9. Nh4 Qd7 10. Qd3 Qe6 11. Nf5 O-O 12. Nxd6 Qxd6 13. Bf4 Qe7 14. Bg5 Rd8 15.
Qf5 Qe6 16. Qe5 c5 17. Rad1 Re8 18. Bxf6 gxf6 19. Qh5 Nd7 20. Nxd5 Rab8 21. Nf4
Qe7 22. Bh3 Nf8 23. Qh6 Qe4 24. d5 Kh8 25. Qxf6+ Kg8 26. Nh5 Qe5 27. Qxe5 Rxe5
28. Nf4 Ng6 29. Nxg6 hxg6 30. Rd2 Rxd5 31. Rfd1 Rbd8 32. Rxd5 Rxd5 33. Rxd5 Bxd5
34. a3 Kf8 35. Kf1 Ke7 36. Ke1 Kd6 37. Kd2 b5 38. b4 Kc6 39. Kc3 Kb6 40. e3 Bf3
41. Bf1 c4 42. Kd4 f5 43. h3 Kc6 44. g4 fxg4 45. hxg4 Bxg4 46. Bg2+ Kb6 47. Bd5
a5 48. Bf7 axb4 49. axb4 Bf5 50. e4 Bd7 51. Bxg6 Kc6 52. f4 Kd6 53. f5 Bc6 54.
e5+ Ke7 55. Bh5 Bd7 56. Bg4 Be8 57. f6+ Kf8 58. e6 Bg6 59. Bf3 Be8 60. f7 1-0

[Event "POLFINALY MISTRZOSTW POLSKI JUNIOROW 2021 C-17"]
[Site "Jatrzebia Gora"]
[Date "1899-12-30"]
[Round "4.5"]
[White "Kasprzak, Lukasz"]
[Black "Borkowski, Szymon"]
[Result "1-0"]
[WhiteTitle "II+"]
[BlackTitle "I"]
[WhiteElo "1758"]
[BlackElo "1696"]

1. d4 Nf6 2. c4 g6 3. Nc3 Bg7 4. e4 d6 5. f3 O-O 6. Be3 Nc6 7. Qd2 a6 8. Nge2 Na5
9. Nc1 Nd7 10. b4 Nc6 11. Rb1 e5 12. d5 Nd4 13. N1e2 f5 14. Nxd4 exd4 15. Bxd4
Qh4+ 16. g3 Qh5 17. Bxg7 Kxg7 18. f4 fxe4 19. Bg2 Nf6 20. O-O Bf5 21. Qd4 Rae8
22. Rbe1 Kf7 23. Nd1 Bg4 24. Ne3 Bf3 25. h3 b6 26. Rf2 Qh6 27. Kh2 Qg7 28. Kg1
Bxg2 29. Kxg2 Nh5 30. Qxg7+ Nxg7 31. g4 Kg8 32. Nf1 h5 33. Kg3 Kh7 34. Re3 Kh6
35. Nd2 g5 36. fxg5+ Kxg5 37. Nxe4+ Kg6 38. Rxf8 Rxf8 39. Rf3 h4+ 40. Kf2 Re8
41. Rf6+ Kh7 42. Kf3 Kg8 43. a4 Re5 44. Kf4 b5 45. axb5 axb5 46. c5 Rxd5 47. cxd6
Ne8 48. dxc7 Nxc7 49. Rc6 Rd4 50. Rxc7 Rxb4 51. Kf5 Rb3 52. Kf6 Rf3+ 53. Kg6 Kf8
54. Ng5 Re3 55. Rb7 Re5 56. Kf6 Re3 57. Rb8+ Re8 58. Ne6+ 1-0

[Event "POLFINALY MISTRZOSTW POLSKI JUNIOROW 2021 C-17"]
[Site "Jatrzebia Gora"]
[Date "1899-12-30"]
[Round "4.6"]
[White "Wysocki, Mateusz"]
[Black "Galeziewski, Olaf"]
[Result "0-1"]
[WhiteTitle "I+"]
[BlackTitle "II"]
[WhiteElo "1955"]
[BlackElo "1607"]

1. d4 Nf6 2. c4 g6 3. Nc3 Bg7 4. e4 d6 5. Nf3 O-O 6. Be2 e5 7. O-O Na6 8. d5 Nc5
9. Qc2 a5 10. Ne1 Ne8 11. Be3 f5 12. f3 f4 13. Bf2 g5 14. Nd3 b6 15. a3 h5 16.
b4 Nxd3 17. Qxd3 g4 18. c5 Qg5 19. Qd2 Qg6 20. Kh1 g3 21. Bg1 h4 22. Bb5 h3 23.
Rfc1 Kf7 24. cxb6 Rh8 25. Bf1 hxg2+ 26. Bxg2 Rh4 27. Bf1 Qh5 28. Qe2 axb4 29.
axb4 Rxa1 30. Rxa1 cxb6 31. Ra7+ Kg8 32. Ra8 Bh3 33. Bxh3 Rxh3 34. Nb5 Kf7 35.
Ra3 Bf8 36. Ra7+ Be7 37. Ra3 Nf6 38. Qg2 Nh7 39. Nc7 Ng5 40. Ne6 Nxe6 41. dxe6+
Kxe6 42. b5 Kf6 43. Rd3 d5 44. exd5 Bc5 45. Rd2 Bxg1 46. Qxg1 Qxf3+ 47. Qg2 Rxh2+
0-1

[Event "POLFINALY MISTRZOSTW POLSKI JUNIOROW 2021 C-17"]
[Site "Jatrzebia Gora"]
[Date "1899-12-30"]
[Round "4.7"]
[White "Labedz, Dawid"]
[Black "Stachecki, Mikolaj"]
[Result "1/2-1/2"]
[WhiteTitle "II+"]
[BlackTitle "I+"]
[WhiteElo "1542"]
[BlackElo "1899"]

1. e4 c5 2. Nf3 d6 3. d4 cxd4 4. Nxd4 Nf6 5. Nc3 Nc6 6. Bc4 e6 7. Be3 Be7 8. Qe2
a6 9. O-O-O Nxd4 10. Bxd4 b5 11. Bb3 Bb7 12. f3 O-O 13. Kb1 b4 14. Na4 Nd7 15.
Qe1 Rb8 16. Ba7 Ra8 17. Bd4 Rb8 18. Ba7 Ra8 19. Bd4 Rb8 1/2-1/2

[Event "POLFINALY MISTRZOSTW POLSKI JUNIOROW 2021 C-17"]
[Site "Jatrzebia Gora"]
[Date "1899-12-30"]
[Round "4.8"]
[White "Chybalski, Piotr"]
[Black "Bartlomowicz, Jakub"]
[Result "0-1"]
[WhiteTitle "II"]
[BlackTitle "I"]
[WhiteElo "1377"]
[BlackElo "1842"]

1. d4 d5 2. c4 c6 3. Nf3 Nf6 4. Qc2 dxc4 5. e4 b5 6. b3 cxb3 7. axb3 Bb7 8. Bd2
e6 9. Ba5 Qc8 10. b4 Nbd7 11. Nbd2 Be7 12. Bd3 h6 13. O-O O-O 14. Rac1 Bd8 15.
Nb3 Bb6 16. Nfd2 e5 17. f4 Ng4 18. fxe5 Ne3 19. Qa2 Nxf1 20. Kxf1 Qe8 21. Nc5
Nxc5 22. bxc5 Bxa5 23. Qxa5 Qd8 24. Qc3 a5 25. Nf3 b4 26. Qb3 Qd7 27. Bc4 Ba6
28. Rd1 Rfb8 29. Bxa6 Rxa6 30. d5 cxd5 31. Qd3 Qb5 32. exd5 Qxd3+ 33. Rxd3 b3
34. Nd2 b2 35. Nb1 a4 36. Ra3 Rb5 37. Ra2 a3 38. Rxa3 Rxa3 39. Nxa3 Rxc5 0-1

[Event "POLFINALY MISTRZOSTW POLSKI JUNIOROW 2021 C-17"]
[Site "Jatrzebia Gora"]
[Date "1899-12-30"]
[Round "4.9"]
[White "Owoc, Jakub"]
[Black "Mocko, Maciej"]
[Result "1/2-1/2"]
[WhiteTitle "I"]
[BlackTitle "II"]
[WhiteElo "1751"]
[BlackElo "1527"]

1. e4 c5 2. Nf3 Nc6 3. d4 cxd4 4. Nxd4 g6 5. c3 Bg7 6. Be3 Nf6 7. Nd2 O-O 8. Be2
d5 9. Nxc6 bxc6 10. Qa4 Qc7 11. exd5 cxd5 12. Nb3 Bd7 13. Qa5 Qxa5 14. Nxa5 Rab8
15. O-O-O Bf5 16. Bf4 Ne4 17. Bxb8 Rxb8 18. f4 Nf2 19. Nc6 Rb7 20. Rhf1 Nxd1 21.
Rxd1 Be4 22. g3 Rc7 23. Nd4 e5 24. Nb5 Rd7 25. Bd3 Bf3 26. Re1 e4 27. Be2 Bxe2
28. Rxe2 f5 29. Rd2 a6 30. Nd4 Bxd4 31. Rxd4 Kf7 32. Kd2 Ke6 33. Rb4 Rd6 1/2-1/2

[Event "POLFINALY MISTRZOSTW POLSKI JUNIOROW 2021 C-17"]
[Site "Jatrzebia Gora"]
[Date "1899-12-30"]
[Round "4.10"]
[White "Lenart, Jakub"]
[Black "Bekier, Piotr"]
[Result "1-0"]
[WhiteTitle "I"]
[BlackTitle "II"]
[WhiteElo "1660"]
[BlackElo "1293"]

1. d4 d5 2. c4 Nf6 3. cxd5 Nxd5 4. e4 Nf6 5. Nc3 e6 6. Nf3 c5 7. Bg5 h6 8. Bh4
g5 9. Bg3 a6 10. d5 g4 11. Ne5 exd5 12. exd5 Bg7 13. Bd3 O-O 14. O-O Nh5 15. Nxg4
Nxg3 16. hxg3 Qg5 17. Ne3 Nd7 18. Nf5 Ne5 19. f4 Bxf5 20. fxg5 Bxd3 21. gxh6 Bxh6
22. Re1 c4 23. Rxe5 Bg7 24. Rg5 f6 25. Rxg7+ Kxg7 26. Qg4+ Bg6 27. Re1 Rf7 28.
Qxc4 Rh8 29. d6 1-0

[Event "POLFINALY MISTRZOSTW POLSKI JUNIOROW 2021 C-17"]
[Site "Jatrzebia Gora"]
[Date "1899-12-30"]
[Round "4.11"]
[White "Wojciechowski, Franciszek"]
[Black "Topola, Rafal"]
[Result "0-1"]
[WhiteTitle "I"]
[BlackTitle "I"]
[WhiteElo "1716"]
[BlackElo "1961"]

1. d4 Nf6 2. Bf4 d5 3. e3 c5 4. c3 Qb6 5. Qb3 c4 6. Qc2 g6 7. Nd2 Bf5 8. Qc1 Nc6
9. Ngf3 Bg7 10. Nh4 Be6 11. b3 h6 12. Nhf3 cxb3 13. axb3 Nh5 14. Bg3 Nxg3 15.
hxg3 Bf5 16. Be2 Rc8 17. O-O O-O 18. c4 e5 19. c5 Qc7 20. dxe5 a6 21. Nd4 Qxe5
22. Nxf5 Qxa1 23. Nxh6+ Kh7 24. Qxa1 Bxa1 25. Nxf7 Bc3 26. Ng5+ Kh6 27. Ndf3 Rce8
28. Rd1 d4 29. Bc4 dxe3 30. fxe3 Rxe3 31. Rd7 Re7 32. Rxe7 Nxe7 33. Nf7+ Kg7 34.
N3g5 Bd4+ 35. Kh2 Bf6 36. Kh3 Nc6 37. Kg4 Bxg5 38. Nxg5 Ne5+ 0-1

[Event "POLFINALY MISTRZOSTW POLSKI JUNIOROW 2021 C-17"]
[Site "Jatrzebia Gora"]
[Date "1899-12-30"]
[Round "4.12"]
[White "Ullrich, Karol"]
[Black "Kitewski, Bartosz"]
[Result "1-0"]
[WhiteTitle "II+"]
[BlackTitle "I+"]
[WhiteElo "1605"]
[BlackElo "1946"]

1. e4 e6 2. d4 d5 3. Nd2 h6 4. Ngf3 Nf6 5. e5 Nfd7 6. Bd3 c5 7. c3 Nc6 8. O-O Qb6
9. dxc5 Nxc5 10. Nb3 Nxd3 11. Qxd3 g5 12. h3 Bg7 13. Be3 Qc7 14. Bd4 b6 15. Rac1
Nxe5 16. Nxe5 Bxe5 17. Rfe1 Bxd4 18. Qxd4 O-O 19. c4 dxc4 20. Rxc4 Qd8 21. Qe4
Ba6 22. Rd4 Qe7 23. h4 Rad8 24. hxg5 hxg5 25. Qe5 Rfe8 26. Re3 Rxd4 27. Nxd4 f6
28. Qe4 e5 29. Qg6+ Kf8 30. Nf5 Qc7 31. Rc3 Qf7 32. Qh6+ Kg8 33. Rh3 Qb7 34. Qg6+
Kf8 35. Rh8# 1-0

[Event "POLFINALY MISTRZOSTW POLSKI JUNIOROW 2021 C-17"]
[Site "Jatrzebia Gora"]
[Date "1899-12-30"]
[Round "4.13"]
[White "Zabron, Maksym"]
[Black "Nowak, Maciej"]
[Result "1-0"]
[WhiteTitle "I++"]
[BlackTitle "II"]
[WhiteElo "1896"]
[BlackElo "1537"]

1. d4 Nf6 2. c4 e6 3. g3 Bb4+ 4. Nd2 c5 5. a3 Bxd2+ 6. Qxd2 cxd4 7. Nf3 b6 8. Bg2
Bb7 9. O-O O-O 10. Qxd4 Nc6 11. Qh4 Ne7 12. Rd1 Nf5 13. Qf4 d5 14. cxd5 Nxd5 15.
Qa4 Nd6 16. e4 b5 17. Qd4 e5 18. Nxe5 Re8 19. exd5 Nf5 20. Qf4 f6 21. Qxf5 Rxe5
22. Qd3 Qb6 23. Be3 Qa5 24. Bf4 Ree8 25. d6 Bxg2 26. Kxg2 Rad8 27. Rac1 g5 28.
d7 gxf4 29. dxe8=Q+ Rxe8 30. Qd7 Rf8 31. Rc7 1-0

[Event "POLFINALY MISTRZOSTW POLSKI JUNIOROW 2021 C-17"]
[Site "Jatrzebia Gora"]
[Date "1899-12-30"]
[Round "4.14"]
[White "Smuda, Tomasz"]
[Black "Haliniak, Wojciech"]
[Result "1-0"]
[WhiteTitle "I"]
[BlackTitle "I"]
[WhiteElo "1529"]
[BlackElo "1827"]

1. e4 Nf6 2. e5 Nd5 3. c4 Nb6 4. c5 Nd5 5. Nc3 Nxc3 6. dxc3 d6 7. Qb3 Nd7 8. cxd6
exd6 9. exd6 Bxd6 10. Nf3 O-O 11. Be3 Qf6 12. O-O-O Nc5 13. Bxc5 Bxc5 14. Bd3
Bxf2 15. Bxh7+ Kh8 16. Bd3 Be6 17. Qc2 Bc5 18. Kb1 b5 19. Bxb5 Rab8 20. Bd3 Ba3
21. b3 c5 22. Nd2 c4 23. Nxc4 Rfc8 24. Rhf1 Qe7 25. Rde1 a5 26. Qe2 Qc5 27. Qe4
g6 28. Qh4+ Kg8 29. Bxg6 fxg6 30. Rxe6 1-0

[Event "POLFINALY MISTRZOSTW POLSKI JUNIOROW 2021 C-17"]
[Site "Jatrzebia Gora"]
[Date "1899-12-30"]
[Round "4.15"]
[White "Jedrzejczak, Michal"]
[Black "Kossowski, Pawel"]
[Result "0-1"]
[WhiteTitle "II"]
[BlackTitle "I"]
[WhiteElo "1448"]
[BlackElo "1761"]

1. e4 e5 2. Nf3 Nc6 3. Bc4 Bc5 4. c3 Nf6 5. d4 exd4 6. e5 d5 7. Bb5 Ne4 8. cxd4
Bb6 9. Nc3 O-O 10. Be3 f5 11. Qb3 Ne7 12. Bd3 Kh8 13. O-O c6 14. Ne2 Ng6 15. Nf4
Nxf4 16. Bxf4 h6 17. h4 Be6 18. g3 Bf7 19. Be3 Bh5 20. Kg2 f4 21. gxf4 Bxf3+ 22.
Kxf3 Qxh4 23. Rh1 Ng5+ 24. Ke2 Qg4+ 25. Kf1 Ne6 26. Be2 Qf5 27. Bd3 Qf7 28. Rg1
Nxf4 29. Rg4 Qh5 30. Rg1 Qh3+ 31. Ke1 Ng2+ 32. Ke2 Nxe3 33. fxe3 Qh2+ 0-1

[Event "POLFINALY MISTRZOSTW POLSKI JUNIOROW 2021 C-17"]
[Site "Jatrzebia Gora"]
[Date "1899-12-30"]
[Round "4.16"]
[White "Sawicki, Wojciech"]
[Black "Pieczulis, Blazej"]
[Result "1-0"]
[WhiteTitle "II"]
[BlackTitle "I"]
[WhiteElo "1505"]
[BlackElo "1726"]

1. e4 d6 2. Bc4 g6 3. Nf3 Bg7 4. d4 Nf6 5. Qe2 O-O 6. O-O c6 7. e5 dxe5 8. dxe5
Nd5 9. Rd1 e6 10. Bb3 Qc7 11. c4 Ne7 12. Nc3 Nd7 13. Re1 Nc5 14. Bc2 b6 15. b4
Nb7 16. Rb1 Bd7 17. Bg5 Rfe8 18. Ne4 h6 19. Nf6+ Bxf6 20. Bxf6 Kf8 21. Qe3 Ng8
22. h4 Rec8 23. h5 Be8 24. g3 a5 25. Nh4 g5 26. Nf3 Nxf6 27. exf6 Qd8 28. Nxg5
Kg8 29. Nh7 Nd6 30. Qxh6 Nf5 31. Qf8+ Kxh7 32. Qg7# 1-0

[Event "POLFINALY MISTRZOSTW POLSKI JUNIOROW 2021 C-17"]
[Site "Jatrzebia Gora"]
[Date "1899-12-30"]
[Round "4.17"]
[White "Majdanski, Maksymilian"]
[Black "Zielinski, Sebastian"]
[Result "1-0"]
[WhiteTitle "I++"]
[BlackTitle "II+"]
[WhiteElo "1914"]
[BlackElo "1579"]

1. d4 Nf6 2. c4 e5 3. dxe5 Ng4 4. e4 h5 5. Be2 Nc6 6. Nf3 Bc5 7. O-O Ncxe5 8. Nxe5
Nxe5 9. Nc3 a5 10. Nd5 Ra6 11. Bf4 Re6 12. a3 d6 13. b4 Ba7 14. Qa4+ c6 15. bxa5
Kf8 16. Nb6 Ng4 17. Bxg4 hxg4 18. Rad1 g3 19. Bxg3 Rg6 20. Qb4 Bb8 21. e5 Rh5
22. exd6 c5 23. Qc3 Bd7 24. Rfe1 Bc6 25. d7 Be5 26. Rxe5 Rxe5 27. Qxe5 1-0

[Event "POLFINALY MISTRZOSTW POLSKI JUNIOROW 2021 C-17"]
[Site "Jatrzebia Gora"]
[Date "1899-12-30"]
[Round "4.18"]
[White "Ciborowski, Konrad Jr"]
[Black "Bednarczyk, Mateusz"]
[Result "1-0"]
[WhiteTitle "I++"]
[BlackTitle "I"]
[WhiteElo "1871"]
[BlackElo "1525"]

1. e4 c5 2. Nf3 Nc6 3. d4 cxd4 4. Nxd4 Nf6 5. Nc3 d6 6. f3 e5 7. Nb3 Be7 8. Be3
O-O 9. Qd2 a5 10. Bb5 Be6 11. O-O-O Nb4 12. a3 Qc7 13. Kb1 d5 14. exd5 Nbxd5 15.
Nxd5 Nxd5 16. Qf2 Nxe3 17. Qxe3 a4 18. Nc1 Rfc8 19. c3 Bc5 20. Qe2 Ra5 21. Bd3
Qb6 22. Ka1 Bxa3 23. bxa3 Rxc3 24. Na2 Rxa3 25. Bc4 g6 26. Bxe6 Qxe6 27. Rd3 Rb3
28. Rc1 e4 29. Rd8+ Kg7 30. Qxe4 Qxe4 31. fxe4 Rg5 32. Rd2 Re3 33. Rc7 b5 34.
Rf2 Kg8 35. Nc3 b4 36. Nd5 Ra3+ 37. Kb1 Rb3+ 38. Kc1 a3 39. Rc4 Rb2 40. Rxb2 axb2+
41. Kxb2 Rxg2+ 42. Rc2 Rxc2+ 43. Kxc2 f5 44. exf5 gxf5 45. Nxb4 Kf7 46. Kd3 Kg6
47. Ke3 Kg5 48. Nd3 Kg4 49. Nf2+ Kg5 50. Kf3 h6 51. Kg3 h5 52. h4+ Kg6 53. Kf4
Kf6 54. Nh1 Kg6 55. Ng3 Kf6 56. Nxf5 Kg6 57. Ng3 Kh6 58. Kf5 Kg7 59. Kg5 Kh7 60.
Kxh5 Kg7 61. Kg5 Kh7 62. h5 Kg7 63. h6+ Kh7 64. Ne4 Kh8 65. Kg6 Kg8 66. Ng5 1-0

[Event "POLFINALY MISTRZOSTW POLSKI JUNIOROW 2021 C-17"]
[Site "Jatrzebia Gora"]
[Date "1899-12-30"]
[Round "4.19"]
[White "Skrzypczynski, Kacper"]
[Black "Wolny, Dawid"]
[Result "1-0"]
[WhiteTitle "I"]
[BlackTitle "II"]
[WhiteElo "1762"]
[BlackElo "1433"]

1. d4 Nf6 2. c4 g6 3. f3 Bg7 4. e4 d6 5. Be3 O-O 6. Qd2 Nbd7 7. Nc3 e5 8. d5 a5
9. Nge2 Nc5 10. O-O-O Bd7 11. g4 Rb8 12. Ng3 Ne8 13. h4 f6 14. Be2 b6 15. Rdg1
Qe7 16. h5 c6 17. hxg6 hxg6 18. Rh2 Kf7 19. f4 Rh8 20. Rxh8 Bxh8 21. Rf1 Kg8 22.
f5 g5 23. Rd1 Bg7 24. Nh5 Bf8 25. Rf1 Bg7 26. Bd3 Rd8 27. Bc2 Qf8 28. Ba4 cxd5
29. Qxd5+ Qf7 30. Bxc5 Qxd5 31. Nxd5 bxc5 32. Bxd7 Rxd7 33. Rf3 Ra7 34. Ra3 Kf7
35. Kc2 Bf8 36. Rb3 Be7 37. Rb8 Nc7 38. Nxc7 Rxc7 39. Rh8 Rb7 40. Rh7+ Kf8 41.
Rh8+ Kf7 42. Ra8 Rb4 43. b3 a4 44. Rxa4 Rxa4 45. bxa4 Bd8 46. a5 Bxa5 47. Kb3
Ke7 48. Ka4 Bd8 49. Kb5 Kd7 50. Ng7 d5 51. cxd5 Kd6 52. Ne6 c4 53. Nxd8 c3 54.
Nb7+ 1-0

[Event "POLFINALY MISTRZOSTW POLSKI JUNIOROW 2021 C-17"]
[Site "Jatrzebia Gora"]
[Date "1899-12-30"]
[Round "4.20"]
[White "Falc, Pawel"]
[Black "Dahche, Abdel-azziz"]
[Result "0-1"]
[WhiteTitle "II+"]
[BlackTitle "I"]
[WhiteElo "1493"]
[BlackElo "1656"]

1. e4 e6 2. d4 d5 3. exd5 exd5 4. Bd3 Bd6 5. Nc3 Nf6 6. Bg5 c6 7. Qd2 O-O 8. O-O-O
Nbd7 9. h4 Qa5 10. Nge2 b5 11. g4 b4 12. Nb1 Qxa2 13. h5 Ne4 14. Bxe4 dxe4 15.
h6 g6 16. Nf4 Nb6 17. d5 Nc4 0-1

[Event "POLFINALY MISTRZOSTW POLSKI JUNIOROW 2021 C-17"]
[Site "Jatrzebia Gora"]
[Date "1899-12-30"]
[Round "4.21"]
[White "Przybysz, Krzysztof"]
[Black "Kopestynski, Michal"]
[Result "0-1"]
[WhiteTitle "II"]
[BlackTitle "I"]
[WhiteElo "1133"]
[BlackElo "1604"]

1. e4 c5 2. Nf3 Nc6 3. c4 e6 4. d4 cxd4 5. Nxd4 Nf6 6. Nc3 Bb4 7. Nxc6 bxc6 8.
Bd3 e5 9. O-O d6 10. h3 h6 11. f4 Bc5+ 12. Kh1 Ng4 13. Qf3 Qh4 14. Nd1 h5 15.
Be3 Nxe3 16. Nxe3 exf4 17. Nf5 Bxf5 18. exf5 Kd7 19. Be4 Rac8 20. Qxf4 Qxf4 21.
Rxf4 Rhe8 22. Bf3 Re5 23. Bxh5 g6 24. Bg4 g5 25. Rff1 f6 26. Rad1 a5 27. b3 a4
28. bxa4 Ra8 29. Rd2 Rxa4 30. Rc2 Re3 31. Rd1 Rea3 32. Rdd2 Rb4 33. Be2 Be3 34.
Rd3 Rb1+ 35. Kh2 Rxd3 36. Bxd3 Rd1 37. Be2 Rb1 38. Rc3 Bf4+ 39. g3 Rb2 40. gxf4
Rxe2+ 41. Kg3 gxf4+ 42. Kxf4 Rxa2 43. Ke4 Re2+ 44. Kf3 Rh2 45. Kg3 Re2 46. Kf3
Re5 47. Kf4 d5 48. cxd5 cxd5 49. Ra3 Re4+ 50. Kf3 Kd6 51. Ra5 Ke5 52. Rb5 Rf4+
53. Ke3 Rxf5 54. Rb8 Rh5 55. Re8+ Kd6 56. Rf8 Rxh3+ 57. Kd4 Rh4+ 58. Kd3 Ke5 59.
Re8+ Kf5 60. Rd8 Ke5 61. Re8+ Kf4 62. Rd8 Rh5 63. Rd7 Re5 64. Rf7 f5 65. Rg7 Re4
66. Rd7 d4 67. Rg7 Kf3 68. Rg8 f4 69. Rg7 Re8 70. Kxd4 Kf2 71. Rf7 f3 72. Kd3
Kg2 73. Rg7+ Kf1 74. Kd2 Re2+ 75. Kd3 Rg2 76. Rf7 f2 77. Ra7 Kg1 0-1

[Event "POLFINALY MISTRZOSTW POLSKI JUNIOROW 2021 C-17"]
[Site "Jatrzebia Gora"]
[Date "1899-12-30"]
[Round "4.22"]
[White "Werner, Kacper"]
[Black "Mazonik, Oliwier"]
[Result "1/2-1/2"]
[WhiteTitle "II+"]
[BlackTitle "II"]
[WhiteElo "1589"]
[BlackElo "1432"]

1. e4 Nf6 2. e5 Nd5 3. d4 d6 4. c4 Nb6 5. exd6 exd6 6. b3 Be7 7. Nf3 O-O 8. Be2
Bf6 9. Bb2 Bg4 10. O-O Re8 11. Qd2 Bg5 12. Qxg5 Qxg5 13. Nxg5 Rxe2 14. Bc3 f6
15. Nf3 Bxf3 16. gxf3 N8d7 17. Nd2 Rae8 18. a4 Nc8 19. Ne4 Rc2 20. Rfc1 Rxc1+
21. Rxc1 f5 22. Ng3 g6 23. f4 Ne7 24. a5 a6 25. Nf1 d5 26. Ne3 Nf6 27. f3 Kf7
28. Kf2 Nh5 29. Ng2 Nf6 30. Ne3 Nh5 31. Ng2 Nf6 32. h4 Nc8 33. c5 c6 34. Re1 Rxe1
35. Nxe1 Nh5 36. Nd3 Na7 37. Bb2 Nb5 38. Ne5+ Ke7 39. Nd3 Nc7 40. Bc1 Ne6 41.
Be3 1/2-1/2

[Event "POLFINALY MISTRZOSTW POLSKI JUNIOROW 2021 C-17"]
[Site "Jatrzebia Gora"]
[Date "1899-12-30"]
[Round "4.23"]
[White "Szafranski, Maciej"]
[Black "Wolcyrz, Jakub"]
[Result "1/2-1/2"]
[WhiteTitle "II+"]
[BlackTitle "II"]
[WhiteElo "1596"]
[BlackElo "1350"]

1. c4 Nf6 2. d3 g6 3. Nf3 Bg7 4. g3 O-O 5. Bg2 d6 6. O-O e5 7. Nc3 Nc6 8. a3 Nh5
9. e3 f5 10. Ne2 g5 11. d4 f4 12. exf4 exf4 13. Ne1 Bg4 14. h3 Bd7 15. g4 Nf6
16. Nf3 h6 17. Nc3 Re8 18. b4 Ne4 19. Nxe4 Rxe4 20. Bb2 Re7 21. Qd2 Qf8 22. b5
Nd8 23. Rfe1 Ne6 24. Rab1 Rae8 25. a4 Bf6 26. Nh2 Qg7 27. Nf3 b6 28. Red1 Qg6
29. Bf1 Bc8 30. Bg2 h5 31. Nh2 1/2-1/2

[Event "POLFINALY MISTRZOSTW POLSKI JUNIOROW 2021 C-17"]
[Site "Jatrzebia Gora"]
[Date "1899-12-30"]
[Round "4.24"]
[White "Trela, Konrad"]
[Black "Wleklik, Mateusz"]
[Result "0-1"]
[WhiteTitle "II"]
[BlackTitle "II"]
[WhiteElo "1453"]
[BlackElo "1341"]

1. e4 c5 2. Nf3 d6 3. d4 cxd4 4. Nxd4 Nf6 5. Nc3 a6 6. g3 e5 7. Nde2 Be6 8. Bg2
Be7 9. O-O O-O 10. h3 Nbd7 11. Nd5 Bxd5 12. exd5 Ne8 13. g4 f5 14. gxf5 Rxf5 15.
Ng3 Rf8 16. Kh2 Bg5 17. Be4 Bxc1 18. Qxc1 Rf4 19. Bf5 Nc7 20. c4 g6 21. Bg4 Nf6
22. Be2 Qd7 23. Kg2 Rf8 24. Qe3 Nce8 25. Rh1 Ng7 26. Raf1 Nf5 27. Nxf5 Qxf5 28.
f3 Nh5 29. Kf2 Qg5 30. Rfg1 Qh4+ 31. Kf1 Ng3+ 32. Kg2 Nxh1 33. Rxh1 Qg5+ 34. Kf2
e4 35. Rg1 Qh4+ 36. Kg2 exf3+ 37. Bxf3 Rxf3 38. Qe6+ Kg7 39. Qe7+ Qxe7 0-1

[Event "POLFINALY MISTRZOSTW POLSKI JUNIOROW 2021 C-17"]
[Site "Jatrzebia Gora"]
[Date "1899-12-30"]
[Round "4.25"]
[White "Sliwa, Krzysztof"]
[Black "Komisarski, Jerzy"]
[Result "0-1"]
[WhiteTitle "II"]
[BlackTitle "II"]
[WhiteElo "1212"]
[BlackElo "1258"]

1. e4 c5 2. Nc3 Nc6 3. f4 d6 4. Nf3 g6 5. Bc4 e6 6. d3 Bg7 7. O-O Nge7 8. Qe1 a6
9. a4 O-O 10. Be3 Nd4 11. Bxd4 cxd4 12. Ne2 Qb6 13. Qh4 d5 14. Qxe7 dxc4 15. Qa3
Rd8 16. a5 Qb5 17. e5 Bf8 18. Qa4 cxd3 19. Qxb5 axb5 20. cxd3 Bb4 21. Kh1 Rxa5
22. Nexd4 Bd7 23. Nb3 Ra4 24. h3 Be8 25. d4 Rc8 26. Rac1 Rxc1 27. Rxc1 Bc6 28.
Ne1 Bd5 29. Nc5 Bxc5 30. dxc5 Rxf4 31. Nd3 Rd4 32. Ne1 Kf8 33. Kg1 Rc4 34. Nd3
Be4 35. b3 Rxc1+ 36. Nxc1 Ke7 37. b4 Kd7 38. Nb3 Kc6 39. Na5+ Kc7 40. Kf2 b6 41.
Nb3 bxc5 42. Nxc5 Bd5 43. g3 Kc6 44. Ke3 Bg2 45. h4 Kd5 46. Kf4 h6 47. Na6 Kc4
48. g4 Bb7 49. Nc5 Bc8 50. g5 h5 51. Ne4 Kxb4 52. Nd6 Bd7 53. Ke4 Kc3 54. Nxb5+
Bxb5 55. Ke3 Kc4 56. Ke4 Bc6+ 57. Ke3 Kd5 58. Kf4 Kd4 0-1

[Event "POLFINALY MISTRZOSTW POLSKI JUNIOROW 2021 C-17"]
[Site "Jatrzebia Gora"]
[Date "1899-12-30"]
[Round "5.1"]
[White "Krasniewski, Szymon"]
[Black "Strepikowski, Pawel"]
[Result "1/2-1/2"]
[WhiteTitle "I"]
[BlackTitle "I"]
[WhiteElo "1821"]
[BlackElo "1841"]

1. d4 Nf6 2. c4 e6 3. Nf3 b6 4. g3 Bb7 5. Bg2 g6 6. O-O Bg7 7. Nc3 Ne4 8. Nxe4
Bxe4 9. Bf4 O-O 10. Rc1 d6 11. Qd2 Nd7 12. Bh6 Qe7 13. Bxg7 Kxg7 14. Qc3 Qf6 15.
Rfd1 Rad8 16. Nd2 Bxg2 17. Kxg2 a5 18. Ne4 Qe7 19. f3 f5 20. Nf2 h5 21. c5 Nf6
22. cxd6 cxd6 23. e4 fxe4 24. fxe4 Rf7 25. Rd2 Qb7 26. Qc6 Qa6 27. Qc4 Qxc4 28.
Rxc4 Rb7 29. Rdc2 d5 30. Rc7+ Rxc7 31. Rxc7+ Rd7 32. Rxd7+ Nxd7 1/2-1/2

[Event "POLFINALY MISTRZOSTW POLSKI JUNIOROW 2021 C-17"]
[Site "Jatrzebia Gora"]
[Date "1899-12-30"]
[Round "5.2"]
[White "Kietrys, Maciej"]
[Black "Kasprzak, Lukasz"]
[Result "1-0"]
[WhiteTitle "I"]
[BlackTitle "II+"]
[WhiteElo "1860"]
[BlackElo "1758"]

1. e4 c6 2. d4 d5 3. Nd2 dxe4 4. Nxe4 Bf5 5. Ng3 Bg6 6. Bc4 e6 7. N1e2 b5 8. Bd3
Nf6 9. c3 Be7 10. Nf4 Nbd7 11. O-O O-O 12. Re1 a5 13. Bxg6 hxg6 14. Qe2 Re8 15.
Bd2 Qb6 16. Ne4 c5 17. dxc5 Nxc5 18. Nxf6+ Bxf6 19. Be3 Qc6 20. Rad1 Rad8 21.
h3 e5 22. Nd5 Rxd5 23. Rxd5 Qxd5 24. Qxb5 Rc8 25. Qxa5 Qc4 26. b3 Qa6 27. Qxa6
Nxa6 28. Rc1 e4 29. c4 Nb4 30. a3 Nd3 31. Rc2 Bb2 32. a4 Ba3 33. Ra2 Bc5 34. Bxc5
Rxc5 35. a5 Nb4 36. Ra4 Na6 37. Kf1 f5 38. Ke2 Kf7 39. Ke3 Rc8 40. Ra2 Ke6 41.
Rb2 Kd6 42. Kd4 Rb8 43. Kc3 Kc5 44. Rd2 Nb4 45. Rd7 Nc6 46. Rd5# 1-0